Rappers with the most Grammy Nominations without a Win - Statistics

General Stats
  • This quiz has been taken 39 times
  • The average score is 3 of 15
Answer Stats
Nominations Rapper % Correct
10 Travis Scott
82%
16 Snoop Dogg
58%
6 Tupac Shakur
50%
4 The Notorious B.I.G.
45%
12 Nicki Minaj
29%
6 Pusha T
13%
12 Busta Rhymes
11%
8 DaBaby
11%
18 Post Malone
11%
9 Rick Ross
11%
4 DMX
8%
6 Big Sean
5%
6 Jack Harlow
5%
4 Quavo
5%
6 Ty Dolla $ign
0%
No matching quizzes found
Score Distribution
Percent of People with Each Score
Percentile by Number Answered
Your Score History
You have not taken this quiz